[Event "Reykjavik op"]
[Site "Reykjavik"]
[Date "2018.03.07"]
[Round "3"]
[White "Yilmaz, Mustafa"]
[Black "Perelshteyn, Eugene"]
[Result "1-0"]
[WhiteElo "2619"]
[BlackElo "2513"]
[Annotator "Fernandez,D"]
[PlyCount "85"]
[EventDate "2018.03.06"]
[EventType "swiss"]
[EventRounds "9"]
[EventCountry "ISL"]
[SourceTitle "CBM 184"]
[Source "ChessBase"]
[SourceDate "2018.05.16"]
[SourceVersion "1"]
[SourceVersionDate "2018.05.16"]
[SourceQuality "1"]

{Of the round 3 games featuring people who are currently on 100%, it was a
no-brainer for me to choose to annotate the Grünfeld one.} 1. d4 Nf6 2. c4 g6
3. Nc3 d5 4. cxd5 Nxd5 5. e4 Nxc3 6. bxc3 Bg7 7. Be3 O-O 8. Nf3 c5 9. Be2 Bg4 (
9... Nc6 {gives White easy play, like the game.} 10. O-O cxd4 11. cxd4 Bg4 12.
d5 $14) (9... b6 {is my personal favourite way to play the Grünfeld, against
this and other White setups.}) 10. O-O cxd4 11. cxd4 Nc6 {Obviously, 9...Nc6
also led to this position. With the incisive next move White lays claim to an
advantage.} 12. d5 Bxf3 (12... Ne5 13. Nxe5 Bxe2 14. Qxe2 Bxe5 15. Rac1 Qd7 16.
Rc2 $14) 13. Bxf3 Bxa1 14. Qxa1 Na5 15. Bh6 f6 16. Bxf8 ({It was also possible
to delay the acceptance of Black's gift:} 16. Bg4 $16) 16... Kxf8 17. Bg4 (17.
e5 $5 Nc4 18. exf6 exf6 19. Qd4 Ne5 20. Rb1 $14) 17... Nc4 {Now Black at least
has some squares for his knight and queen and can make some trouble.} 18. Be6 (
18. a4 a6 19. Qc3 b5 20. Rb1 $14) 18... b5 19. Re1 Qb8 20. g3 a6 $11 {The
development scheme with ...Qe5 and ...Ra7 is an impeccable one.} 21. Kg2 Qe5
22. Qc1 (22. f4 Qxa1 23. Rxa1 Ra7 $11) 22... Kg7 23. Qc2 Qd4 24. Rd1 Qe5 25.
Re1 Qd4 26. Qe2 Ra7 27. Rd1 Qc3 28. Rd3 Qa1 29. Rd1 Qc3 30. Rd3 Qa1 31. f4 Rc7
32. Kh3 Qc1 $6 (32... h5 {would have left the ball very much in White's court
as to how he wants to push e5 through.}) 33. e5 $1 Nxe5 $1 (33... fxe5 34. fxe5
Qh6+ 35. Kg2 $16) 34. Rd1 (34. fxe5 $4 Rc2 $19) 34... Qc4 35. Qe1 {The
position is really fascinating, with quite a few options for both sides. The
move played by Black was sufficient.} Nf3 (35... Qxa2 $1 {was another way to
keep the result up in the air:} 36. fxe5 Rc2 $13 {and White could very easily
get mated if he wasn't careful.}) (35... Nd3 36. Qe3 $18) 36. Qe3 $1 Qc3 37.
Rd3 $1 (37. Qf2 $5 {followed by Kg2 was the computer's suggested clincher, but
Black has an amazing reply.} Rc4 $3 (37... h5 38. Kg2 Qa3 $1 39. d6 $1 exd6 40.
Rf1 $1 Rc3 41. Qa7+ Kh6 42. Rxf3 Rxf3 43. Qa8 $3 $18) 38. d6 Rd4 $3 {Now my
computer 'wakes up' to Black's tactics.} 39. dxe7 (39. Rxd4 Nxd4 40. dxe7 Qc6
41. Bg4 h5 $11) 39... Qc6 40. Bg4 (40. Qxf3 Qxf3 41. e8=Q Qh5+ 42. Kg2 Qe2+ $11
) 40... Rxd1 41. Bxf3 Qc8+ 42. Bg4 Rd7 $1 $11) 37... Ng1+ $2 {A shame.} (37...
Qb2 $1 38. Qxf3 Rc2 39. Qh1 h5 $13 {still leaves everything to play for}) 38.
Kg2 Qb2+ (38... Qc1 39. Qxc1 Rxc1 40. Bg4 Rc2+ 41. Kxg1 f5 42. Bf3 Rxa2 $16 {
could be worth a try}) 39. Rd2 Qc1 40. Bg4 $3 {Returning to d1. Now White is
winning with some care.} Kf8 41. Bd1 Rc5 (41... Rc3 42. Qf2 $18 {doesn't help})
42. Qf2 Qc4 43. Rd4 {Since White is winning a piece and Black has not managed
to get a bind or even a pawn for it, it was time to resign.} 1-0

[Event "Metz op 14th"]
[Site "Metz"]
[Date "1996.??.??"]
[Round "?"]
[White "Timoscenko, Gennadij A"]
[Black "Finkel, Alexander"]
[Result "0-1"]
[WhiteElo "2530"]
[BlackElo "2500"]
[Annotator "Finkel,A"]
[PlyCount "88"]
[EventDate "1996.04.??"]
[EventType "swiss"]
[EventRounds "9"]
[EventCountry "FRA"]
[SourceTitle "CBM 055"]
[Source "ChessBase"]
[SourceDate "1996.12.01"]
[SourceVersion "1"]
[SourceVersionDate "1996.12.01"]
[SourceQuality "1"]

1. d4 Nf6 2. c4 g6 3. Nc3 d5 4. cxd5 Nxd5 5. e4 Nxc3 6. bxc3 Bg7 7. Nf3 c5 8.
Rb1 O-O 9. Be2 Nc6 10. d5 Ne5 11. Nxe5 Bxe5 12. Qd2 e6 13. f4 Bc7 $5 14. Bc4 $5
(14. O-O exd5 15. exd5 Ba5 $13) 14... a6 15. a4 (15. dxe6 Bxe6 16. Bxe6 fxe6
17. Qxd8 Raxd8 18. Rxb7 Bxf4 19. Ke2 (19. O-O $2 Bxh2+ $1 $19) 19... Bxc1 20.
Rxc1 Rf4 21. Ke3 Rh4 22. Rf1 $1 Rxh2 23. Rff7 $44) 15... Qe8 16. Qc2 Rb8 17.
Ba2 $5 (17. O-O b5 18. axb5 axb5 19. Ba2 c4 $1 (19... exd5 20. Bxd5 Be6 21. c4
$1 {/^a1h8}) 20. Ba3 exd5 21. Bxf8 Qxf8 $44) 17... b5 $1 (17... Bd7 $5 18. O-O
Bxa4 19. Qf2 b5 (19... exd5 20. Bxd5 b6 21. c4 $1 $16 {->}) 20. c4 $5 (20. Ba3
c4 $1 21. Bxf8 Qxf8 22. Qf3 exd5 23. exd5 Rd8 $15) 20... bxc4 21. Rxb8 Qxb8 $1
(21... Bxb8 22. dxe6 fxe6 23. Qxc5 Bb3 24. Bxb3 cxb3 25. Qc4 b2 $1 26. Bxb2
Rxf4 $10) 22. dxe6 fxe6 23. Bxc4 Bb3 $15) 18. axb5 axb5 19. O-O c4 $3 $15 {><a2
} 20. Ba3 exd5 21. Bxf8 (21. Rbe1 $2 dxe4 22. Rxe4 Qc6 23. Bxf8 Bf5 $1 $19)
21... Qxf8 22. Rbe1 dxe4 23. Qxe4 Qc5+ 24. Kh1 Bf5 25. Qe7 $8 (25. Qf3 Bd3 26.
Rf2 Ba5 27. Bb1 Bxb1 28. Rxb1 Bxc3 $1 $17) 25... Qxe7 26. Rxe7 Bd3 27. Rd1 $6 (
27. Rfe1 $8 Bxf4 28. Re8+ Rxe8 29. Rxe8+ Kg7 30. Re7 (30. g3 $2 Bd2 31. Rb8
Bxc3 32. Rxb5 Be4+ 33. Kg1 Bd4+ 34. Kf1 c3 $19) 30... Bd2 31. Rb7 Bxc3 32. Rxb5
Bd2 $1 33. Rb7 $1 Kf6 $1 (33... Bf4 34. Bxc4 $1 $10) 34. Rc7 $1 c3 35. Rxf7+
Ke5 36. Bb3 $8 g5 $1 $15) 27... Ba5 $1 $17 28. Rxd3 (28. Rc1 Ra8 $1 29. Bb1
Bxb1 30. Rxb1 Bxc3 31. Rb7 (31. Rc7 $5 $17) 31... b4 32. Rc7 b3 33. Rxc4 b2 $1
34. Rg1 Ra1 35. Rc8+ Kg7 36. Rb8 Bd4 $1 $19) 28... cxd3 29. Rxf7 Kh8 30. Rd7
Re8 $1 $19 31. h3 (31. h4 $5) 31... Re3 32. Kh2 Bxc3 33. Rd8+ Kg7 34. Rd7+ Kf8
35. Rxh7 Be1 $1 36. h4 d2 37. Rd7 Bxh4 $6 (37... b4 38. f5 Bg3+ 39. Kh3 Bd6+
$19) 38. g4 Bg3+ 39. Kg2 Be1 40. f5 gxf5 $6 (40... g5 $1 $19) 41. gxf5 Ke8 42.
Rd4 Ke7 43. Bb1 $2 (43. Bd5 $8 {[/\Bf3-d1-/+]}) 43... Rc3 $1 44. Be4 Rc4 0-1

[Event "ISR-chT"]
[Site "Israel"]
[Date "1996.??.??"]
[Round "1"]
[White "Greenfeld, Alon"]
[Black "Finkel, Alexander"]
[Result "1/2-1/2"]
[WhiteElo "2560"]
[BlackElo "2500"]
[Annotator "Finkel,A"]
[PlyCount "54"]
[EventDate "1996.??.??"]
[EventType "team"]
[EventRounds "11"]
[EventCountry "ISR"]
[SourceTitle "CBM 052 Extra"]
[Source "ChessBase"]
[SourceDate "1996.07.01"]
[SourceVersion "1"]
[SourceVersionDate "1996.07.01"]
[SourceQuality "1"]

1. d4 g6 2. c4 Nf6 3. Nc3 d5 4. cxd5 Nxd5 5. e4 Nxc3 6. bxc3 Bg7 7. Nf3 c5 8.
Rb1 O-O 9. Be2 Nc6 10. d5 Ne5 11. Nxe5 Bxe5 12. Qd2 e6 13. f4 Bc7 $5 14. O-O $5
(14. Bc4) 14... exd5 15. exd5 Ba5 $1 $8 16. Rb3 $5 (16. d6 b6 (16... Rb8 $5 17.
g4 Bd7 18. f5 gxf5 $1 19. Bd3 Kh8 $13) 17. Bf3 Bf5 $1 (17... Rb8 18. Ba3 Bf5
19. Rbc1 $1 $14 {/\Bb4}) 18. Bxa8 Bxb1 19. Bd5 (19. Bf3 Qf6 20. Bb2 Bxa2 21.
Ra1 Bc4 $1 $17) 19... Bf5 20. Bb2 b5 $1 $15 {Vaiser-Mikhalevski,V(1994)}) (16.
Ba3 b6 17. Rbd1 Qd6 18. Bb2 {/\Qc2,c4} Re8 $5 (18... Bd7 $6 19. Qc2 Rae8 20. c4
f6 21. Bd3 $16 {Cebalo-Fette,1991}) 19. Bb5 (19. Qc2 c4 $1 $15) 19... Bd7 20.
Bxd7 Qxd7 21. Qd3 c4 $5 22. Qxc4 b5 23. Qd3 Bb6+ 24. Kh1 Re3 25. Qd2 Rae8 $44)
(16. f5 Bxf5 17. Rxb7 Qf6 $1 18. Bb2 Rfb8 19. Rb5 $6 (19. Rb3 $5 Qd6 $1 {/\c4}
20. Ba3 Qe5 21. Bxc5 Rxb3 22. axb3 Bxc3 23. Qe3 $14) 19... c4 $1 $15 20. Rxb8+
Rxb8 21. Kh1 Qe5 22. d6 Rd8 23. Ba3 {Shulman-Pelletier,1995 (0,5:0,5)}) 16...
b6 17. Qd1 Bd7 18. c4 $1 $36 (18. Ra3 $6 Re8 19. c4 Qf6 20. Qc2 Qd4+ 21. Kh1
Bb4 22. Rg3 Ba4 $1 $17 {Siegel-Gavrikov,1995}) 18... Ba4 19. Bb2 Re8 20. d6 {
/\Bf3,Qd5,Be5~/=->} Bxb3 21. axb3 Rxe2 $1 $8 22. Qxe2 Qxd6 23. Rd1 (23. f5 Rd8
24. Qf3 (24. fxg6 fxg6 $1) 24... g5 $1 25. h4 Bd2 $1 $8 {Unclear}) 23... Qxf4
24. h3 (24. Qe7 $2 Bd2 $3 (24... Rf8 25. Rf1 $18) (24... b5 25. Rf1 $18) 25.
Kh1 Qg5 $1 26. Bf6 Qe3 27. Qxe3 Bxe3 28. g4 $1 $17) (24. Rf1 $5 $10) 24... b5 {
[ץa5,d8]} 25. Rf1 Qd6 26. Rd1 Qg3 27. Rd3 Qf4 {[28.Rf3 Qc729.cb Bb630.Kh1
Rd8=/+;A.Finkel]} 1/2-1/2

[Event "Mitropa Cup 34th"]
[Site "Zillertal"]
[Date "2015.06.18"]
[Round "5.5"]
[White "Bluebaum, Matthias"]
[Black "Ragger, Markus"]
[Result "0-1"]
[WhiteElo "2600"]
[BlackElo "2676"]
[Annotator "Fischer,J"]
[PlyCount "112"]
[EventDate "2015.06.14"]
[EventType "team-tourn"]
[EventRounds "9"]
[EventCountry "AUT"]
[SourceTitle "CBM 167 Extra"]
[Source "ChessBase"]
[SourceDate "2015.09.14"]
[SourceVersion "1"]
[SourceVersionDate "2015.09.14"]
[SourceQuality "1"]
[WhiteTeam "Germany"]
[BlackTeam "Austria"]
[WhiteTeamCountry "GER"]
[BlackTeamCountry "AUT"]

1. d4 Nf6 2. c4 g6 3. Nc3 d5 4. cxd5 Nxd5 5. Bd2 Nb6 6. e3 Bg7 7. f4 O-O 8. Nf3
Be6 9. Be2 N8d7 10. e4 Bg4 11. Bc1 e6 12. O-O c5 13. dxc5 Nxc5 14. Be3 Rc8 15.
e5 Qe7 16. Nd4 Nc4 17. Bc1 Bxe2 18. Qxe2 Nd7 19. Ne4 f6 20. Nd6 Nxd6 21. exd6
Qxd6 22. Qxe6+ Qxe6 23. Nxe6 Rfe8 24. f5 gxf5 25. Nd4 Bf8 26. Kh1 Ne5 27. Bd2
Nc4 28. Bc3 Ne3 29. Rf3 Nd5 30. Nxf5 Nxc3 31. bxc3 Re2 32. Ng3 Re5 33. Rd1 Kf7
34. h3 Rce8 35. Rd7+ R8e7 36. Rd6 R5e6 37. Rdd3 Ra6 {Schwarz, der fast die
gesamte Partie über das Tempo diktiert hatte, setzt Weiß weiter unter Druck.}
38. Rf2 ({Nach} 38. Nf5 {ist die Stellung laut Komodo vollkommen ausgeglichen.
Nach dem Textzug kommt der weiße König in Schwierigkeiten.}) 38... Re1+ 39.
Kh2 Bc5 40. Rb2 Bg1+ 41. Kh1 Bd4+ 42. Kh2 Be5 $5 {Schwarz opfert einen Bauern,
um die Fesselung des Springers auf g3 und die gefährdete Königsstellung des
Weißen auszunutzen.} 43. Rxb7+ Ke6 44. Rxh7 Rxa2 45. Rdd7 f5 46. Rde7+ Kd6 47.
Rxa7 {Das erlaubt Schwarz einen hübschen taktischen Trick.} ({Will er nicht
sofort verlieren, mus Weiß} 47. Rxe5 {spielen - mit klarem Vorteil für
Schwarz.}) 47... Re3 $1 48. Rag7 (48. Rxa2 $4 Bxg3+ 49. Kh1 Re1#) 48... Ree2
49. Rg6+ Kc5 50. Rf7 Rxg2+ 51. Kh1 Rh2+ 52. Kg1 Rag2+ 53. Kf1 Rf2+ 54. Kg1
Rhg2+ 55. Kh1 Rxg3 56. Rxg3 Bxg3 0-1

[Event "GER-ch 86th"]
[Site "Saarbruecken"]
[Date "2015.12.08"]
[Round "6"]
[White "Keymer, Vincent"]
[Black "Carow, Johannes"]
[Result "1/2-1/2"]
[WhiteElo "2342"]
[BlackElo "2431"]
[Annotator "Fischer,J"]
[PlyCount "112"]
[EventDate "2015.12.03"]
[EventType "swiss"]
[EventRounds "9"]
[EventCountry "GER"]
[SourceTitle "CBM 169 Extra"]
[Source "ChessBase"]
[SourceDate "2015.12.18"]
[SourceVersion "1"]
[SourceVersionDate "2015.12.18"]
[SourceQuality "1"]

1. d4 Nf6 2. c4 g6 3. Nc3 d5 4. cxd5 Nxd5 5. Nf3 Bg7 6. Na4 O-O 7. e4 Nb6 8.
Be3 Nxa4 9. Qxa4 c5 10. Rd1 Bg4 11. dxc5 Qc7 12. Qa3 Nd7 13. Be2 b6 14. b4 a5
15. cxb6 axb4 16. Qxa8 Qc3+ 17. Bd2 Rxa8 18. Bxc3 Bxc3+ 19. Nd2 Nxb6 20. Bxg4
Nc4 21. Ke2 Rxa2 22. f4 Nxd2 $2 ({Besser war} 22... Bxd2 {mit klarem Vorteil
für Schwarz. Der weiße König steht exponiert und der schwarze b-Bauer
bleibt gefährlich.} 23. Kd3 {scheitert an} Nb2+ 24. Kxd2 Nxd1+ 25. Kxd1 Ra1+
$19) 23. Kd3 Nb3 24. Bf3 Nc5+ 25. Kc4 Nb7 26. e5 Na5+ 27. Kb5 Nb3 28. Bd5 Rb2
29. e6 ({Nach} 29. Bxb3 Rxb3 {spielt Weiß, wie man in letzter Zeit gerne sagt,
auf "zwei Ergebnisse": Sieg oder Remis. Die Verlustgefahr ist jedenfalls
gebannt.}) 29... fxe6 30. Bxe6+ Kg7 31. Kc4 Na5+ 32. Kc5 Nb7+ 33. Kc6 Nd6 34.
Kd7 Ne4 35. Kxe7 ({Weiß hat sich in Schwierigkeiten gebracht, z.B.} 35. Rb1
Nc5+ 36. Kxe7 Re2 {und Schwarz gewinnt. Deshalb entschließt sich Keymer, die
Qualität zurückzugeben und sein Heil in einem Endspiel mit ungleichfarbigen
Läufern zu suchen.}) 35... Nf2 36. Bd5 Nxh1 37. Rxh1 b3 38. Bc4 Rxg2 39. Bxb3
Rf2 40. h4 Rxf4 41. h5 gxh5 42. Rxh5 Kg6 43. Rh1 Bf6+ 44. Ke6 h5 45. Bc2+ Kh6
46. Bf5 Bg5 47. Ke5 Rb4 48. Be4 Rb5+ 49. Kd4 h4 50. Bd3 Rb4+ 51. Ke5 Bf4+ 52.
Kf5 Bg3 53. Be4 Rb5+ 54. Kg4 Rg5+ 55. Kf3 Re5 56. Ra1 Re6 1/2-1/2

[Event "Leon"]
[Site "Leon"]
[Date "1994.??.??"]
[Round "6"]
[White "Gomez Esteban, Juan Mario"]
[Black "Sion Castro, Marcelino"]
[Result "1-0"]
[WhiteElo "2485"]
[BlackElo "2380"]
[Annotator "Franco"]
[PlyCount "65"]
[EventDate "1994.05.??"]
[EventType "tourn"]
[EventRounds "9"]
[EventCountry "ESP"]
[EventCategory "12"]
[SourceTitle "CBM 042"]
[Source "ChessBase"]
[SourceDate "1994.10.01"]
[SourceVersion "1"]
[SourceVersionDate "1994.10.01"]
[SourceQuality "1"]

1. d4 Nf6 2. c4 g6 3. Nc3 d5 4. cxd5 Nxd5 5. e4 Nxc3 6. bxc3 Bg7 7. Nf3 c5 8.
Rb1 O-O 9. Be2 Nc6 10. d5 Ne5 11. Nxe5 Bxe5 12. Qd2 b6 13. f4 Bg7 14. O-O e6
15. d6 (15. dxe6 fxe6 (15... Bxe6 16. f5)) 15... e5 16. Bc4 Be6 17. Bxe6 fxe6
18. Qd3 Qd7 19. Be3 Rad8 20. Rbd1 Qc6 21. c4 Rf7 $1 {/\ Rf7-d7} 22. fxe5 Rxf1+
23. Rxf1 Bxe5 24. Bh6 Qxd6 25. Qf3 Qe7 26. Qg4 Qd7 $6 (26... Re8 {/\ Bg7-/+})
27. h4 Qd4+ $2 (27... Bg7 28. Bxg7 Kxg7 29. Qg5 $44) 28. Kh1 Qxc4 29. Qf3 (29.
Qf3) (29. Rc1 $2 Rf8 $1 30. Qd1 Qxe4 31. Bxf8 Qxh4+ 32. Kg1 Bd4+ $19) 29...
Qxf1+ 30. Qxf1 c4 31. Bf4 c3 32. Bxe5 c2 33. Kh2 1-0

[Event "Zlin"]
[Site "Zlin"]
[Date "1995.??.??"]
[Round "?"]
[White "Vokac, Marek"]
[Black "Stohl, Igor"]
[Result "1-0"]
[WhiteElo "2475"]
[BlackElo "2525"]
[Annotator "Ftacnik,L"]
[PlyCount "65"]
[EventDate "1995.??.??"]
[EventType "tourn"]
[EventRounds "9"]
[EventCountry "CZE"]
[EventCategory "10"]
[SourceTitle "CBM 049"]
[Source "ChessBase"]
[SourceDate "1995.12.01"]
[SourceVersion "1"]
[SourceVersionDate "1995.12.01"]
[SourceQuality "1"]

1. d4 Nf6 2. c4 g6 3. Nc3 d5 4. cxd5 Nxd5 5. e4 Nxc3 6. bxc3 Bg7 7. Nf3 c5 8.
Rb1 O-O 9. Be2 Nc6 10. d5 Ne5 11. Nxe5 Bxe5 12. Qd2 b6 13. f4 Bg7 14. O-O e6
15. dxe6 fxe6 16. Qe3 Bb7 (16... e5 17. Bc4+ Kh8 18. Bd5 Rb8 19. Bb2 Qe7 20.
fxe5 $1 (20. c4 Bd7 21. g3 $10 {Novikov,I-Schwarz,M/Berlin/1992/}) 20... Bd7 (
20... Bxe5 21. Rxf8+ Qxf8 22. Rf1) 21. c4 Bxe5 22. Qa3 $1 Bxb2 $8 23. Qxb2+ Qg7
24. e5 Bf5 25. Rbe1 Rbe8 26. h3 Be6 (26... h5 27. Qe2 $16) 27. Rf6 $18 {
Chernin,A-Schwarz,M/Muenchen/1992/}) (16... Qe7 17. g4 Bb7 18. Bc4 Kh8 19. g5
Qd7 20. Bb5 Qc7 21. h4 Rfd8 22. Bb2 c4 23. Rbd1 Bxe4 24. Qxe4 Qc5+ 25. Kh1 Qxb5
{1/2-1/2 Horvath,C-Wiedenkeller,M/EUCup f (1) 1993 (64)}) 17. Bc4 (17. e5 $2
Qd5 $17) 17... Kh8 (17... Qd7 $1 18. f5 gxf5 19. exf5 Bd5 20. Qd3 $1 (20. fxe6
$2 Rxf1+ 21. Bxf1 Qxe6 $17) 20... Qc6 (20... Rad8 21. Bg5 Bxc4 22. Qxc4 Qd5 23.
Qh4 $16) 21. Bg5 $3 {Gelfand,B-Smejkal,J/Novi Sad (ol)/1990/} (21. Bxd5 Qxd5
22. Qxd5 exd5 23. Rf3 $10)) 18. Bxe6 Qf6 (18... Qe8 19. f5 Qa4 20. Re1 Qc2 21.
Rb2 Qxc3 $132 {Ftacnik,L}) 19. Bb3 (19. f5 Qxc3 20. Qxc3 Bxc3 21. Re1 Rad8 22.
Bb2 Bd4+ $15) 19... g5 $5 $146 (19... Qxc3 20. e5 $1 Qxe3+ 21. Bxe3 $36) 20.
Qe2 $1 (20. e5 Qg6 21. Rb2 gxf4 22. Rxf4 Rxf4 23. Qxf4 Rf8 $36) 20... gxf4 (
20... Rae8 21. e5 Qc6 22. Bc2 gxf4 (22... Rf7 23. Rf2) (22... Re7 23. Rf2 Rd8
24. Qh5 h6 25. f5 Rxe5 26. Bxg5 $40) 23. Bxf4 Re7 24. Rbe1) 21. Bxf4 (21. Rxf4
Qe5 $1 $36) 21... Qxc3 22. Kh1 $5 (22. Rbe1 Rae8 23. e5 Qd4+ 24. Qe3 Qxe3+ 25.
Rxe3 Re7 $13) 22... Qd4 $6 (22... Rae8 23. e5 Re7 $13) 23. Bc2 Rae8 (23... Be5
24. Rfd1 (24. Rbd1 Qb2 25. Bxe5+ Qxe5 26. Rxf8+ Rxf8 27. Rd7 Qa1+ 28. Bd1 Bxe4
$17) 24... Rxf4 25. Rxd4 Bxd4 $132) 24. Rbd1 Qb2 25. e5 $1 Qxa2 (25... Ba6 $2
26. Qe4 $18) 26. Rd7 (26. Qd3 Qg8 27. Bb3 Ba6 $1 28. Qxa6 Qxb3) 26... Bc6 $2 (
26... Rf7 $1 27. Rxb7 (27. Qh5 Qxc2 28. Rxb7 Qc4 $1 29. Rd1 Ref8 $17) 27...
Rxb7 28. Qe4 Bf8 29. Qxb7 Qxc2 $13) 27. Rxg7 $1 Kxg7 28. Qd3 Qg8 (28... Rh8 29.
Bh6+ $1 Kxh6 30. Qd2+ Kh5 31. Rf5+ Kg6 32. Qg5#) (28... Rf7 29. Qxh7+ Kf8 30.
Bh6+ Ke7 31. Bg5+ $18) 29. e6 $1 (29. Bb3 Re6 $1) 29... Rxf4 (29... Qxe6 30.
Qxh7+ Kf6 31. Bg3+) (29... Rxe6 30. Qg3+ Kf7 (30... Rg6 31. Be5+ Kh6 32. Qh4#)
(30... Kh8 31. Be5+ $18) 31. Bd6+ Rf6 32. Rxf6+ Kxf6 33. Qe5+ Kf7 34. Qe7#) 30.
Rxf4 Rxe6 31. Qc3+ Kh6 32. Rf6+ $1 (32. Rh4+ Kg5 33. Qg3+ Kf6 34. Qxg8 $4 Re1#)
32... Kg5 (32... Rxf6 33. Qxf6+ Kh5 34. Bd1+) (32... Kh5 33. Qh3+ Kg5 34. Qh6+
Kg4 35. Bf5#) 33. h4+ (33. h4+ Kxh4 34. Qh3+ Kg5 35. Rf5+ Kg6 36. Qg4+ Kh6 37.
Rh5#) 1-0

[Event "Candidates m1"]
[Site "London"]
[Date "1991.??.??"]
[Round "3"]
[White "Speelman, Jonathan S"]
[Black "Short, Nigel D"]
[Result "1-0"]
[WhiteElo "2610"]
[BlackElo "2635"]
[Annotator "Ftacnik,L"]
[PlyCount "87"]
[EventDate "1991.01.??"]
[EventType "match"]
[EventRounds "8"]
[EventCountry "ENG"]
[SourceTitle "Candidates"]
[Source "ChessBase"]
[SourceDate "1999.07.01"]
[SourceVersion "2"]
[SourceVersionDate "1999.07.01"]
[SourceQuality "1"]

1. d4 Nf6 2. c4 g6 3. Nc3 d5 4. cxd5 Nxd5 5. e4 Nxc3 6. bxc3 Bg7 7. Be3 c5 8.
Qd2 Qa5 9. Rc1 cxd4 10. cxd4 Qxd2+ 11. Kxd2 O-O 12. Nf3 Nc6 13. Bb5 f5 14. exf5
Bxf5 15. Ke2 Rac8 16. Rhd1 Nb4 17. Bc4+ $1 Kh8 18. Bb3 Bc2 19. Bxc2 Nxc2 20.
Kd2 Nxe3 $2 (20... Na3 21. Kd3 b5 $1) (20... Nb4 21. Rxc8 Rxc8 22. Rb1 $1) 21.
fxe3 Kg8 22. Kd3 Bf6 23. Ke4 Kf7 24. Ne5+ Ke6 (24... Bxe5 25. Kxe5 $16) 25. Nd3
Kd6 26. a4 b6 27. a5 (27. Nb4 e6 $1 (27... a5 28. Nd5 $16) 28. Rf1 Be7 29. Rxf8
Rxc1 30. Ra8 Rc7 $14) 27... Rxc1 28. Rxc1 Rb8 29. axb6 (29. a6 $5) 29... axb6
30. Nb4 e6 31. Rc6+ Kd7 32. d5 Re8 $6 (32... exd5+ 33. Kxd5 Be7 34. Nd3 b5 $1
35. Ne5+ Ke8 36. Ke6 b4 37. Rc7 Bd8 38. Rxh7 Rb6+ 39. Kd5 b3 $1) 33. Rxb6 exd5+
34. Kd3 Be5 35. h3 Bc7 $2 (35... Rb8 36. Rxb8 Bxb8 37. Nxd5 $16) 36. Rf6 Re5
37. Rf7+ Kd6 38. Rxh7 Bb6 39. Nc2 Re6 (39... Ke6 $5 $16) 40. Rf7 Ke5 41. Nd4
Rf6 (41... Bxd4 42. exd4+ Kd6 43. Ra7 $1 $18) 42. Nf3+ Ke6 43. Rg7 Bd8 44. Ke2
$1 {/\ Nh4+-; Ftacnik,L} 1-0

[Event "Candidates m1"]
[Site "London"]
[Date "1991.??.??"]
[Round "7"]
[White "Speelman, Jonathan S"]
[Black "Short, Nigel D"]
[Result "1/2-1/2"]
[WhiteElo "2610"]
[BlackElo "2635"]
[Annotator "Ftacnik,L"]
[PlyCount "54"]
[EventDate "1991.01.??"]
[EventType "match"]
[EventRounds "8"]
[EventCountry "ENG"]
[SourceTitle "Candidates"]
[Source "ChessBase"]
[SourceDate "1999.07.01"]
[SourceVersion "2"]
[SourceVersionDate "1999.07.01"]
[SourceQuality "1"]

1. d4 Nf6 2. c4 g6 3. Nc3 d5 4. cxd5 Nxd5 5. e4 Nxc3 6. bxc3 Bg7 7. Be3 c5 8.
Qd2 Qa5 9. Rb1 cxd4 10. cxd4 Qxd2+ 11. Kxd2 O-O 12. Nf3 Rd8 13. Bd3 Nc6 14. d5
Na5 15. Ke2 b6 16. Bg5 f5 $1 17. Bxe7 (17. exf5 gxf5 (17... Bxf5 $5 18. Bxf5
gxf5 $13) 18. Rhd1 Kf8 19. Rbc1 Rxd5 20. Rc7 Bd7 21. Bxf5 Rxd1 22. Bxd7 Rd6 23.
Bf5 Bf6 24. Be4 Rad8 25. Bh6+ Kg8 26. Be3 R8d7 27. Rc2 Nb7 28. Bc6 Rc7 29. Bd5+
e6 {1-0/Damljanovic,B-Kozul,Z/Jugoslavia ch-ploff/1989/ ->CBM 15}) 17... fxe4
18. Bxe4 Ba6+ 19. Kd1 (19. Ke3 $6 Bh6+ 20. Bg5 Nc4+ 21. Kf4 Rf8+ 22. Kg4 (22.
Kg3 Rxf3+ $1) 22... Bc8+ (22... Bg7 $40) 23. Kh4 Bxg5+ 24. Kxg5 Nd6 $40) 19...
Rd7 20. d6 Bb7 $1 21. Bd3 (21. Re1 Bxe4 22. Rxe4 Nb7 23. Ne5 Nxd6 $17) 21...
Bf6 $1 22. Bb5 $1 Bc6 23. Re1 Bxe7 24. Rxe7 Rxd6+ 25. Ke2 Bxb5+ 26. Rxb5 Nc6
27. Re4 Rad8 {Ftacnik,L} 1/2-1/2